000 00936nam a2200313Ia 4500
001 dia_3330
003 CHAP
005 20251021150305.0
008 220601s9999 xx 000 0 und d
020 _a978-0-471-17094-5
040 _cCHAP
082 _a636.08 P66 2000
100 _aPond, Wilson G.
_990831
245 _aIntroduction to animal science / Wilson G. Pond y Kevin R. Pond
260 _aEstados Unidos de América : John Wiley & Sons
300 _axiii, 687 p.
503 _aI.270075
504 _aIncluye bibliografías
590 _aSF61 P66 2000
650 _a1. Ganado
650 _aIndustria del ganado y de la carne
_9147937
650 _aLivestock
650 _aLivestock and meat industry
_9147938
700 _aPond, Kevin R., coaut.Ì
_9175815
901 _a636.08 P66 2000
902 _aM
905 _a5232272000 -usadmn8222223322eng16
942 _cLIBRO
_2ddc
999 _c209322
_d209322